The social self

Αποθηκεύτηκε σε:
Λεπτομέρειες βιβλιογραφικής εγγραφής
Άλλοι συγγραφείς: Bakhurst, David (Επιμελητής έκδοσης), Sypnowich, Christine (Επιμελητής έκδοσης)
Μορφή: Βιβλίο
Γλώσσα:English
Δημοσίευση: London : Sage, 1995
Σειρά:Inquiries in social construction
Θέματα:
Ετικέτες: Προσθήκη ετικέτας
Δεν υπάρχουν, Καταχωρήστε ετικέτα πρώτοι!

MARC

LEADER 00000cam a2200000 i 4500
001 1/7607
008 950921s1995 eng d
020 |a 0-8039-7596-1 
035 |l 10016766 
040 |a GR-MY-UA  |b gre  |e aacr 
041 0 |a eng 
082 0 |a 302 
245 1 4 |a The social self /  |c Edited by David Bakhurst and Christine Sypnowich 
260 |a London :   |b Sage,   |c 1995 
300 |a vii, 184 p.;  |c 24 cm 
490 1 |a Inquiries in social construction 
504 |a Includes bibliographical references and index 
650 0 0 |a Social psychology. 
650 0 0 |a Self. 
700 1 |a Bakhurst, David.  |4 edt 
700 1 |a Sypnowich, Christine.  |4 edt 
830 0 |a Inquiries in social construction 
852 |a INST  |b LESVOS  |e 19950921  |h 302 SOC  |p 005100011285  |q 005100011285  |t BK  |y 0 
909 |a Λ  |b 050115